[Event "Chigorin Memorial 24th"]
[Site "St Petersburg"]
[Date "2016.10.23"]
[Round "9"]
[White "Ufimtsev, Egor"]
[Black "Guzenko, Artem"]
[Result "1-0"]
[WhiteElo "2088"]
[BlackElo "2261"]
[PlyCount "47"]
[EventDate "2016.10.15"]
[EventType "swiss"]
[EventRounds "9"]
[EventCountry "RUS"]
[SourceTitle "CBM 175 Extra"]
[Source "ChessBase"]
[SourceDate "2016.12.12"]
[SourceVersion "1"]
[SourceVersionDate "2016.12.12"]
[SourceQuality "1"]

1. Nf3 c5 2. c4 e6 3. g3 b6 4. Bg2 Bb7 5. 0-0 Qc7 6. Nc3 a6 7. d4 Nf6 8. Bf4 d6 9. dxc5 bxc5 10. Qd2 Nc6 11. Rad1 Rd8 12. e4 Be7 13. Qe3 0-0 14. h3 Nd4 15. e5 Nf5 16. Qe2 dxe5 17. Bxe5 Qb6 18. b3 Nd7 19. Na4 Qc6 20. Nh4 Nxe5 21. Qxe5 Bxh4 22. Bxc6 Bxc6 23. gxh4 Nxh4 24. f3 1-0

[Event "Chigorin Memorial 24th"]
[Site "St Petersburg"]
[Date "2016.10.18"]
[Round "4"]
[White "Guzenko, Artem"]
[Black "Aleksandrov, Aleksej"]
[Result "0-1"]
[WhiteElo "2261"]
[BlackElo "2568"]
[PlyCount "68"]
[EventDate "2016.10.15"]
[EventType "swiss"]
[EventRounds "9"]
[EventCountry "RUS"]
[SourceTitle "CBM 175 Extra"]
[Source "ChessBase"]
[SourceDate "2016.12.12"]
[SourceVersion "1"]
[SourceVersionDate "2016.12.12"]
[SourceQuality "1"]

1. e4 e5 2. Nf3 Nc6 3. Bb5 a6 4. Ba4 Nf6 5. d3 d6 6. 0-0 Bd7 7. Nbd2 g6 8. c3 Bg7 9. Re1 0-0 10. Nf1 b5 11. Bc2 a5 12. a3 a4 13. Bb1 Be6 14. Bg5 h6 15. Bh4 Na5 16. N1d2 c5 17. Bc2 Qb6 18. Qe2 Nh5 19. Bg3 Qa6 20. Nh4 Rfe8 21. Qf3 Nxg3 22. hxg3 Qc6 23. Qe2 d5 24. f4 dxe4 25. dxe4 exf4 26. gxf4 Nb3 27. Bxb3 axb3 28. Nhf3 b4 29. axb4 Rxa1 30. Rxa1 cxb4 31. cxb4 Bxb2 32. Rb1 Qc2 33. f5 Bxf5 34. Qc4 Bxe4 0-1

[Event "Chigorin Memorial 24th"]
[Site "St Petersburg"]
[Date "2016.10.16"]
[Round "2"]
[White "Guzenko, Artem"]
[Black "Moskalenko, Alexander"]
[Result "0-1"]
[WhiteElo "2261"]
[BlackElo "2490"]
[PlyCount "74"]
[EventDate "2016.10.15"]
[EventType "swiss"]
[EventRounds "9"]
[EventCountry "RUS"]
[SourceTitle "CBM 175 Extra"]
[Source "ChessBase"]
[SourceDate "2016.12.12"]
[SourceVersion "1"]
[SourceVersionDate "2016.12.12"]
[SourceQuality "1"]

1. e4 g6 2. d4 Bg7 3. c4 d6 4. Nc3 Nf6 5. Nf3 0-0 6. h3 e5 7. dxe5 dxe5 8. Be3 Nbd7 9. b4 a5 10. a3 b6 11. Bd3 axb4 12. axb4 Rxa1 13. Qxa1 Nc5 14. Bxc5 bxc5 15. Ke2 cxb4 16. Nd5 Qd6 17. Qa5 c5 18. Nd2 Be6 19. Ra1 Nh5 20. g3 Bxh3 21. Qa7 Qe6 22. Ke1 Bg2 23. Qxc5 Qh3 24. Ke2 Qh2 25. Rc1 Nxg3+ 26. Kd1 Nh5 27. Qxb4 Nf4 28. Kc2 Bh3 29. Qb6 Be6 30. Rf1 Qh3 31. Qe3 Qh4 32. Qg3 Qd8 33. Nxf4 exf4 34. Qxf4 Qd4 35. Qe3 Qc3+ 36. Kd1 Rd8 37. Ke2 Bh6 0-1

[Event "Chigorin Memorial 24th"]
[Site "St Petersburg"]
[Date "2016.10.15"]
[Round "1"]
[White "Stolyarsky, Yegor"]
[Black "Guzenko, Artem"]
[Result "0-1"]
[WhiteElo "1751"]
[BlackElo "2261"]
[PlyCount "130"]
[EventDate "2016.10.15"]
[EventType "swiss"]
[EventRounds "9"]
[EventCountry "RUS"]
[SourceTitle "CBM 175 Extra"]
[Source "ChessBase"]
[SourceDate "2016.12.12"]
[SourceVersion "1"]
[SourceVersionDate "2016.12.12"]
[SourceQuality "1"]

1. d4 Nf6 2. Nf3 e6 3. e3 c5 4. Bd3 Qc7 5. b3 Be7 6. 0-0 d6 7. Bb2 Nbd7 8. Nbd2 b6 9. c4 Bb7 10. Qe2 0-0 11. Rfd1 Rfe8 12. Rac1 Rac8 13. Nf1 Qb8 14. Ng3 Qa8 15. e4 cxd4 16. Bxd4 Nc5 17. Re1 a6 18. Bb1 Ncd7 19. Rcd1 Bc6 20. a4 Qb7 21. Bd3 Rb8 22. Ra1 Bf8 23. b4 Qc7 24. a5 bxa5 25. bxa5 Ng4 26. Ng5 Nge5 27. f4 Nxd3 28. Qxd3 e5 29. Be3 h6 30. Nh3 Rb4 31. Qc3 Rb7 32. fxe5 Nxe5 33. Bb6 Qc8 34. Nf5 Bd7 35. Bd4 Bxf5 36. exf5 Qxf5 37. Rf1 Qc8 38. Rae1 Rc7 39. Bxe5 dxe5 40. Qf3 Qe6 41. Nf4 Qxc4 42. Nd5 Rd7 43. Rd1 Red8 44. Ne3 Qe6 45. Rb1 Bc5 46. Kh1 Rd3 47. Rfe1 Bxe3 48. Rxe3 Qb3 49. Qf1 Qxb1 50. Qxb1 Rd1+ 51. Re1 Rxb1 52. Rxb1 Rd5 53. Ra1 f5 54. Kg1 Kf7 55. Kf2 Rb5 56. Ra3 Kf6 57. h4 Kg6 58. Rg3+ Kf6 59. Ra3 f4 60. Kf3 Kf5 61. g4+ fxg3 62. Kxg3 e4 63. h5 Rd5 64. Kh4 Kf4 65. Rg3 Rxh5+ 0-1

[Event "Chigorin Memorial 22nd"]
[Site "St Petersburg"]
[Date "2014.10.26"]
[Round "9"]
[White "Wallace, John Paul"]
[Black "Guzenko, Artem"]
[Result "1/2-1/2"]
[WhiteElo "2408"]
[BlackElo "2258"]
[PlyCount "87"]
[EventDate "2014.10.18"]
[EventType "swiss"]
[EventRounds "9"]
[EventCountry "RUS"]
[SourceTitle "EXT 2015"]
[Source "ChessBase"]
[SourceDate "2014.11.20"]
[SourceVersion "1"]
[SourceVersionDate "2014.11.20"]
[SourceQuality "1"]

1. e4 c5 2. Nf3 e6 3. d4 cxd4 4. Nxd4 a6 5. Nc3 b5 6. Bd3 Qc7 7. f4 Bb7 8. Qe2 d6 9. a4 b4 10. Na2 Nf6 11. Bd2 Qb6 12. Nb3 Nc6 13. Nac1 a5 14. Be3 Qc7 15. Nd4 Nxd4 16. Bxd4 Be7 17. e5 dxe5 18. fxe5 Nd7 19. Nb3 Bh4+ 20. g3 Bxg3+ 21. hxg3 Bxh1 22. 0-0-0 Bd5 23. Kb1 h6 24. g4 Rc8 25. Nd2 Ke7 26. Rf1 Nc5 27. Bb5 Kf8 28. Rf2 Kg8 29. Qe3 Qe7 30. b3 h5 31. gxh5 Rxh5 32. Rf4 Qc7 33. Nc4 Bxc4 34. bxc4 g6 35. Rg4 Nd7 36. Re4 Kg7 37. Kb2 Nc5 38. Rf4 Rh2 39. Rf1 b3 40. Bxc5 Qxc5 41. Qf4 Rh5 42. Qxf7+ Kh6 43. Qf4+ Kh7 44. Qf7+ 1/2-1/2

[Event "RUS-chT U20"]
[Site "Kaliningrad"]
[Date "2013.08.09"]
[Round "8"]
[White "Guzenko, Artem"]
[Black "Oparin, Grigoriy"]
[Result "1/2-1/2"]
[WhiteElo "2241"]
[BlackElo "2504"]
[PlyCount "78"]
[EventDate "2013.08.02"]
[EventType "team-swiss"]
[EventRounds "9"]
[EventCountry "RUS"]
[SourceTitle "EXT 2018"]
[Source "ChessBase"]
[SourceDate "2017.10.13"]
[SourceVersion "1"]
[SourceVersionDate "2017.10.13"]
[SourceQuality "1"]

1. e4 c5 2. Nf3 d6 3. Bb5+ Nd7 4. 0-0 a6 5. Bd3 Ngf6 6. Re1 b5 7. a4 c4 8. Bf1 Bb7 9. axb5 axb5 10. Rxa8 Qxa8 11. Na3 Bxe4 12. Nxb5 Qb8 13. Bxc4 d5 14. Bf1 e6 15. d4 Be7 16. b3 0-0 17. Bd3 Rc8 18. c4 Bb4 19. Rf1 Bxd3 20. Qxd3 dxc4 21. bxc4 e5 22. Qb3 Bf8 23. dxe5 Nxe5 24. Bf4 Nxf3+ 25. Qxf3 Qb6 26. Rc1 h6 27. Be3 Qa6 28. h3 Bc5 29. Rd1 Bxe3 30. Qxe3 Qa4 31. Rd4 Rxc4 32. Rxc4 Qxc4 33. Nd4 Qd5 34. Nf3 Qd1+ 35. Kh2 Qd6+ 36. Ne5 h5 37. Kg3 g6 38. f4 Kg7 39. Kf3 Nd5 1/2-1/2

[Event "RUS-chT U20"]
[Site "Kaliningrad"]
[Date "2013.08.08"]
[Round "7"]
[White "Chigaev, Maksim"]
[Black "Guzenko, Artem"]
[Result "1-0"]
[WhiteElo "2474"]
[BlackElo "2241"]
[PlyCount "43"]
[EventDate "2013.08.02"]
[EventType "team-swiss"]
[EventRounds "9"]
[EventCountry "RUS"]
[SourceTitle "EXT 2018"]
[Source "ChessBase"]
[SourceDate "2017.10.13"]
[SourceVersion "1"]
[SourceVersionDate "2017.10.13"]
[SourceQuality "1"]

1. e4 c5 2. Nf3 e6 3. b3 b6 4. Bb2 Bb7 5. Qe2 Nc6 6. g3 d6 7. Bg2 Nf6 8. 0-0 Be7 9. d4 cxd4 10. Nxd4 0-0 11. Rd1 Nxd4 12. Bxd4 Qc7 13. c4 a6 14. Nc3 e5 15. Be3 b5 16. Rac1 bxc4 17. Na4 Bxe4 18. Bxe4 Nxe4 19. Nb6 Rae8 20. Rxc4 Nc5 21. Bxc5 dxc5 22. Nd7 1-0

[Event "RUS-chT U20"]
[Site "Kaliningrad"]
[Date "2013.08.06"]
[Round "5"]
[White "Guzenko, Artem"]
[Black "Nozhkin, Nikita"]
[Result "1-0"]
[WhiteElo "2241"]
[BlackElo "2172"]
[PlyCount "61"]
[EventDate "2013.08.02"]
[EventType "team-swiss"]
[EventRounds "9"]
[EventCountry "RUS"]
[SourceTitle "EXT 2018"]
[Source "ChessBase"]
[SourceDate "2017.10.13"]
[SourceVersion "1"]
[SourceVersionDate "2017.10.13"]
[SourceQuality "1"]

1. e4 e5 2. Nf3 Nc6 3. Bb5 a6 4. Ba4 Nf6 5. 0-0 b5 6. Bb3 Bc5 7. d3 h6 8. Nc3 0-0 9. a4 Rb8 10. Be3 Bxe3 11. fxe3 d6 12. axb5 axb5 13. Qe1 Be6 14. Nd5 Bxd5 15. exd5 Ne7 16. e4 Ng6 17. Ra7 Ra8 18. Qa5 Rxa7 19. Qxa7 Qd7 20. Ra1 Nh5 21. Qe3 f5 22. Nd2 Nhf4 23. Kh1 fxe4 24. Nxe4 Qg4 25. g3 Qh3 26. Rg1 Rf5 27. Qd2 Nh5 28. Qg2 Qg4 29. c3 Nf6 30. Bd1 Nxe4 31. dxe4 1-0

[Event "RUS-chT U20"]
[Site "Kaliningrad"]
[Date "2013.08.05"]
[Round "4"]
[White "Usmanov, Vasily"]
[Black "Guzenko, Artem"]
[Result "1/2-1/2"]
[WhiteElo "2377"]
[BlackElo "2241"]
[PlyCount "82"]
[EventDate "2013.08.02"]
[EventType "team-swiss"]
[EventRounds "9"]
[EventCountry "RUS"]
[SourceTitle "EXT 2018"]
[Source "ChessBase"]
[SourceDate "2017.10.13"]
[SourceVersion "1"]
[SourceVersionDate "2017.10.13"]
[SourceQuality "1"]

1. g3 g6 2. Bg2 Bg7 3. d4 d6 4. e4 c5 5. c3 Qb6 6. d5 Nf6 7. Ne2 0-0 8. 0-0 Re8 9. Nd2 Nbd7 10. Qc2 Qa6 11. Re1 b5 12. a4 Nb6 13. Nf4 c4 14. a5 Nbd7 15. b4 cxb3 16. Nxb3 Ne5 17. Nd3 Nxd3 18. Qxd3 Ng4 19. Nd4 b4 20. Qd2 bxc3 21. Qxc3 Bd7 22. Rb1 Rec8 23. Qd2 Ne5 24. Bf1 Nc4 25. Bxc4 Rxc4 26. Bb2 Rac8 27. Rec1 Bxd4 28. Bxd4 Rxc1+ 29. Rxc1 Rxc1+ 30. Qxc1 Qxa5 31. Qc3 Qxc3 32. Bxc3 f5 33. f3 Kf7 34. Kf2 fxe4 35. fxe4 e6 36. Ke3 exd5 37. exd5 Bh3 38. Bb4 Ke7 39. Kd4 Kd7 40. Ba5 Bg2 41. Bb4 Ke7 1/2-1/2

[Event "St Petersburg White Nights op"]
[Site "St Petersburg"]
[Date "2012.06.02"]
[Round "1"]
[White "Guzenko, Artem"]
[Black "Zheleznaykov, Peter"]
[Result "1-0"]
[WhiteElo "2220"]
[BlackElo "1977"]
[PlyCount "61"]
[EventDate "2012.06.02"]
[EventType "swiss"]
[EventRounds "9"]
[EventCountry "RUS"]
[SourceTitle "CBM 148 Extra"]
[Source "ChessBase"]
[SourceDate "2012.06.22"]
[SourceVersion "1"]
[SourceVersionDate "2012.06.22"]
[SourceQuality "1"]

1. e4 e6 2. d4 d5 3. e5 c5 4. c3 Nc6 5. Nf3 Bd7 6. a3 cxd4 7. cxd4 Nge7 8. Nc3 a6 9. Bd3 Ng6 10. 0-0 Be7 11. Re1 b5 12. g3 Qb6 13. Ne2 0-0 14. h4 Rfc8 15. h5 Nf8 16. Nh2 f5 17. exf6 Bxf6 18. Ng4 Bxd4 19. Nxd4 Qxd4 20. Be3 Qa4 21. b3 Qa5 22. h6 Qd8 23. hxg7 Ng6 24. Qf3 Kxg7 25. Bh6+ Kg8 26. Nf6+ Kh8 27. Nxd7 Qxd7 28. Qf6+ Kg8 29. Bxg6 hxg6 30. Qxg6+ Kh8 31. Rxe6 1-0

[Event "Chigorin Memorial 19th"]
[Site "St Petersburg"]
[Date "2011.10.19"]
[Round "6"]
[White "Bellia, Fabrizio"]
[Black "Guzenko, Artem"]
[Result "1-0"]
[WhiteElo "2420"]
[BlackElo "2216"]
[PlyCount "55"]
[EventDate "2011.10.14"]
[EventType "swiss"]
[EventRounds "9"]
[EventCountry "RUS"]
[SourceTitle "CBM 144 Extra"]
[Source "ChessBase"]
[SourceDate "2011.10.28"]
[SourceVersion "1"]
[SourceVersionDate "2011.10.28"]
[SourceQuality "1"]

1. e4 c5 2. Nf3 Nc6 3. d4 cxd4 4. Nxd4 Qb6 5. Nxc6 bxc6 6. c4 g6 7. Be3 c5 8. Nc3 Bg7 9. Nd5 Qc6 10. Qd2 Rb8 11. Rb1 Nf6 12. Bd3 d6 13. Bh6 Bxh6 14. Nxf6+ exf6 15. Qxh6 Rf8 16. 0-0 Qd7 17. h3 Qe7 18. f4 Rb6 19. b3 Bd7 20. Qxh7 Kd8 21. Qh4 Kc7 22. a3 Rbb8 23. Qe1 Bc6 24. b4 cxb4 25. axb4 Rfe8 26. b5 Bb7 27. Qa5+ Kc8 28. Rfe1 1-0

[Event "Chigorin Memorial 19th"]
[Site "St Petersburg"]
[Date "2011.10.14"]
[Round "1"]
[White "Guzenko, Artem"]
[Black "Kantyshev, Nikita"]
[Result "1-0"]
[WhiteElo "2216"]
[BlackElo "1833"]
[PlyCount "67"]
[EventDate "2011.10.14"]
[EventType "swiss"]
[EventRounds "9"]
[EventCountry "RUS"]
[SourceTitle "CBM 144 Extra"]
[Source "ChessBase"]
[SourceDate "2011.10.28"]
[SourceVersion "1"]
[SourceVersionDate "2011.10.28"]
[SourceQuality "1"]

1. e4 e5 2. Nf3 Nc6 3. Bb5 d6 4. 0-0 a6 5. Ba4 Nf6 6. Qe2 Be7 7. c3 0-0 8. d4 b5 9. Bc2 exd4 10. Nxd4 Nxd4 11. cxd4 c5 12. e5 Nd7 13. Qe4 g6 14. Qxa8 cxd4 15. Bh6 Re8 16. Qd5 Nxe5 17. Nd2 Be6 18. Qxd4 Bf6 19. Qb4 Nc6 20. Qa3 Nd4 21. Bd3 Be5 22. Be3 b4 23. Qa4 Bd7 24. Qd1 Qh4 25. g3 Qf6 26. Be4 Ne6 27. Nc4 Bb5 28. Nxe5 Qxe5 29. Qd5 Qxb2 30. Rfd1 Nc5 31. Bd4 Qe2 32. Bf3 Qe7 33. Be3 Na4 34. Qxd6 1-0

[Event "St Petersburg Spring op"]
[Site "St Petersburg"]
[Date "2011.03.31"]
[Round "9"]
[White "Guzenko, Artem"]
[Black "Kopasov, Evgeny Aleksandrovi"]
[Result "0-1"]
[WhiteElo "2273"]
[BlackElo "2013"]
[PlyCount "32"]
[EventDate "2011.03.23"]
[EventType "swiss"]
[EventRounds "9"]
[EventCountry "RUS"]
[SourceTitle "CBM 141 Extra"]
[Source "ChessBase"]
[SourceDate "2011.05.03"]
[SourceVersion "1"]
[SourceVersionDate "2011.05.03"]
[SourceQuality "1"]

1. e4 c5 2. Nf3 d6 3. d4 cxd4 4. Nxd4 Nf6 5. Nc3 Nc6 6. f4 Qb6 7. Nb3 Bg4 8. Qd3 Nb4 9. Qd2 Rc8 10. Bb5+ Bd7 11. Bxd7+ Nxd7 12. a3 Nc6 13. Qd3 Nc5 14. Nxc5 dxc5 15. Na4 Qa5+ 16. Bd2 Qxa4 0-1

[Event "St Petersburg-ch sf"]
[Site "St Petersburg"]
[Date "2011.02.17"]
[Round "7"]
[White "Sichinava, Zviad"]
[Black "Guzenko, Artem"]
[Result "1-0"]
[WhiteElo "2340"]
[BlackElo "2235"]
[PlyCount "56"]
[EventDate "2011.02.11"]
[EventType "swiss"]
[EventRounds "9"]
[EventCountry "RUS"]
[SourceTitle "CBM 141 Extra"]
[Source "ChessBase"]
[SourceDate "2011.05.03"]
[SourceVersion "1"]
[SourceVersionDate "2011.05.03"]
[SourceQuality "1"]

1. d4 Nf6 2. Bg5 d5 3. e3 c5 4. c3 Qb6 5. Qc2 Nc6 6. Nd2 Bg4 7. h3 Bh5 8. f4 h6 9. Bxf6 gxf6 10. f5 Qc7 11. g4 Qg3+ 12. Ke2 e5 13. Ngf3 e4 14. Nxe4 dxe4 15. Qxe4+ Be7 16. gxh5 Qd6 17. Kf2 Rg8 18. Bb5 0-0-0 19. Bxc6 bxc6 20. Rhg1 Qc7 21. Rg4 Rge8 22. Qd3 Bf8 23. b4 cxd4 24. cxd4 Kb7 25. Rc1 Qb6 26. Re4 Be7 27. Qb3 Rd5 28. Rc5 Rxc5 1-0

[Event "St Petersburg Blockade op"]
[Site "St Petersburg"]
[Date "2011.01.11"]
[Round "9"]
[White "Palchun, Grigory"]
[Black "Guzenko, Artem"]
[Result "1/2-1/2"]
[WhiteElo "2144"]
[BlackElo "2235"]
[PlyCount "113"]
[EventDate "2011.01.03"]
[EventType "swiss"]
[EventRounds "9"]
[EventCountry "RUS"]
[SourceTitle "CBM 140 Extra"]
[Source "ChessBase"]
[SourceDate "2011.03.01"]
[SourceVersion "1"]
[SourceVersionDate "2011.03.01"]
[SourceQuality "1"]

1. e4 c5 2. Nc3 Nc6 3. g3 d6 4. Bg2 g6 5. d3 Bg7 6. f4 Rb8 7. Nf3 b5 8. a3 e6 9. 0-0 Nge7 10. Rb1 a5 11. g4 b4 12. axb4 axb4 13. Ne2 f5 14. gxf5 exf5 15. Ng3 0-0 16. Be3 fxe4 17. dxe4 Kh8 18. Qd3 Bg4 19. h3 Bxf3 20. Bxf3 Nd4 21. Bg2 Qc7 22. Ne2 Nec6 23. Rfd1 Nxe2+ 24. Qxe2 Bd4 25. Rf1 Rbe8 26. Bxd4+ Nxd4 27. Qd2 Ne6 28. Rbd1 Rd8 29. c3 bxc3 30. bxc3 Qg7 31. Kh1 h6 32. f5 Ng5 33. h4 Nf7 34. fxg6 Qxg6 35. Rf5 Kg7 36. Rg1 Ne5 37. Bh3 Qxg1+ 38. Kxg1 Rxf5 39. Qg2+ Kh8 40. exf5 Rg8 41. Kf2 Rxg2+ 42. Bxg2 Kg7 43. Ke3 Kf6 44. Ke4 Nc4 45. Bh3 Nb6 46. Bg2 d5+ 47. Kf4 Na4 48. Bxd5 Nxc3 49. Bc4 Na4 50. Ke4 Nb2 51. Be2 Na4 52. Bc4 Nb6 53. Be6 h5 54. Bb3 Nc8 55. Kd5 c4 56. Kxc4 Nd6+ 57. Kd3 1/2-1/2

[Event "St Petersburg Blockade op"]
[Site "St Petersburg"]
[Date "2011.01.09"]
[Round "7"]
[White "Petrov, Valentin1111"]
[Black "Guzenko, Artem"]
[Result "0-1"]
[WhiteElo "2119"]
[BlackElo "2235"]
[PlyCount "123"]
[EventDate "2011.01.03"]
[EventType "swiss"]
[EventRounds "9"]
[EventCountry "RUS"]
[SourceTitle "CBM 140 Extra"]
[Source "ChessBase"]
[SourceDate "2011.03.01"]
[SourceVersion "1"]
[SourceVersionDate "2011.03.01"]
[SourceQuality "1"]

1. d4 Nf6 2. c4 e6 3. Nc3 Bb4 4. Nf3 0-0 5. Bg5 c5 6. d5 exd5 7. cxd5 d6 8. e3 Bg4 9. Be2 Bxf3 10. Bxf3 Nbd7 11. 0-0 Bxc3 12. bxc3 b5 13. Bg4 Qc7 14. Bf5 Rfe8 15. f3 h6 16. Bxf6 Nxf6 17. e4 a5 18. Qd3 b4 19. c4 Qe7 20. Rab1 g6 21. Bh3 Nh5 22. g3 Ra7 23. Bg2 Qf8 24. f4 f5 25. Rfe1 fxe4 26. Rxe4 Kg7 27. Rbe1 Rae7 28. Re6 Rxe6 29. dxe6 Qe7 30. Bc6 Rd8 31. Re2 Nf6 32. Bg2 a4 33. Qc2 a3 34. Qd3 Rf8 35. h3 Ne8 36. Qd5 Nf6 37. Qd3 Nh5 38. Kh2 Nf6 39. Qd1 Ng8 40. Qd3 Rd8 41. Qd5 h5 42. f5 h4 43. g4 gxf5 44. gxf5 Qg5 45. Qd3 Ne7 46. Rf2 Kf6 47. Qe2 Rg8 48. Qf1 Qg3+ 49. Kh1 Rg5 50. Rf4 Rxf5 51. Rxf5+ Nxf5 52. Be4 Qe5 53. Bxf5 Ke7 54. Qg2 Qxf5 55. Qb7+ Kxe6 56. Qc8+ Ke5 57. Qh8+ Qf6 58. Qh5+ Qf5 59. Qh8+ Qf6 60. Qh5+ Ke4 61. Qd5+ Ke3 62. Kg1 0-1

[Event "Chigorin Memorial 18th"]
[Site "St Petersburg"]
[Date "2010.10.29"]
[Round "2"]
[White "Guzenko, Artem"]
[Black "Yevseev, Denis"]
[Result "0-1"]
[WhiteElo "2213"]
[BlackElo "2531"]
[PlyCount "90"]
[EventDate "2010.10.28"]
[EventType "swiss"]
[EventRounds "9"]
[EventCountry "RUS"]
[SourceTitle "EXT 2011"]
[Source "ChessBase"]
[SourceDate "2010.11.26"]
[SourceVersion "1"]
[SourceVersionDate "2010.11.26"]
[SourceQuality "1"]

1. e4 e6 2. d4 d5 3. Nd2 Be7 4. Bd3 c5 5. dxc5 Nf6 6. exd5 Qxd5 7. Ngf3 Nbd7 8. Bc4 Qxc5 9. Qe2 0-0 10. Nb3 Qc7 11. Nbd4 a6 12. 0-0 b5 13. Bb3 Nc5 14. Re1 Nxb3 15. cxb3 Bb7 16. Bg5 Bd5 17. Rac1 Qb7 18. Qe5 Rac8 19. Nh4 Nd7 20. Qg3 Bxg5 21. Qxg5 h6 22. Qd2 Nf6 23. Nc2 Rfd8 24. Ne3 Bxg2 25. Rxc8 Qxc8 26. Rc1 Qb8 27. Qa5 Be4 28. Nhg2 Rd6 29. Nf4 e5 30. Ne2 Qd8 31. Qxd8+ Rxd8 32. Rd1 Rxd1+ 33. Nxd1 Bf3 34. Kf1 Nd5 35. Ndc3 Nxc3 36. Nxc3 Kf8 37. b4 Ke7 38. Ke1 g5 39. Kd2 f5 40. a4 Bc6 41. a5 Kd6 42. Ne2 Bd5 43. Ng3 Ke6 44. Ne2 f4 45. Kc3 g4 0-1

[Event "RUS-chT U20"]
[Site "Rybinsk"]
[Date "2010.08.03"]
[Round "2"]
[White "Guzenko, Artem"]
[Black "Rjanova, Valery"]
[Result "1/2-1/2"]
[WhiteElo "2223"]
[BlackElo "2132"]
[PlyCount "141"]
[EventDate "2010.08.02"]
[EventType "team-swiss"]
[EventRounds "9"]
[EventCountry "RUS"]
[SourceTitle "EXT 2011"]
[Source "ChessBase"]
[SourceDate "2010.11.26"]
[SourceVersion "1"]
[SourceVersionDate "2010.11.26"]
[SourceQuality "1"]

1. e4 c5 2. Nf3 d6 3. d4 cxd4 4. Qxd4 Nc6 5. Bb5 Bd7 6. Bxc6 Bxc6 7. Nc3 Nf6 8. Bg5 e6 9. 0-0-0 Be7 10. Qd3 Qa5 11. h4 h6 12. Bd2 Qa6 13. Nd4 Qxd3 14. cxd3 Ng4 15. Rdf1 Bf6 16. Nde2 b5 17. a4 a6 18. f3 Ne5 19. d4 Nc4 20. b3 Na5 21. Kc2 bxa4 22. bxa4 Nc4 23. Bc1 Rb8 24. g4 Nb6 25. g5 Be7 26. gxh6 gxh6 27. h5 Nxa4 28. Rfg1 Bf6 29. Ba3 Nxc3 30. Nxc3 Bxd4 31. Rd1 e5 32. Bxd6 Rc8 33. Rc1 Bxe4+ 34. fxe4 Rxc3+ 35. Kd2 Rxc1 36. Rxc1 Kd7 37. Ba3 Rg8 38. Rc4 Rg2+ 39. Kd1 Rh2 40. Ra4 Rxh5 41. Rxa6 Rh1+ 42. Ke2 Ra1 43. Ra5 Kc6 44. Bb4 Rb1 45. Bd2 h5 46. Ra6+ Kd7 47. Rh6 Rh1 48. Bg5 Rh2+ 49. Kd3 Rh3+ 50. Ke2 Bc5 51. Rh7 Rh2+ 52. Kd3 Rf2 53. Rxh5 f6 54. Bd2 Ke6 55. Rh8 Kf7 56. Rh7+ Kg6 57. Rh6+ Kg7 58. Rh3 Rg2 59. Rh1 Bd4 60. Rh3 Rg4 61. Rh5 Kf7 62. Rh8 Bc5 63. Rc8 Bd6 64. Be3 Rg3 65. Ke2 Rg7 66. Ra8 Ke6 67. Re8+ Be7 68. Ra8 Rg2+ 69. Kf3 Rc2 70. Re8 Rc7 71. Ra8 1/2-1/2

[Event "St Petersburg-ch sf"]
[Site "St Petersburg"]
[Date "2010.02.20"]
[Round "8"]
[White "Guzenko, Artem"]
[Black "Solovyov, Viktor"]
[Result "1/2-1/2"]
[WhiteElo "2136"]
[BlackElo "2230"]
[PlyCount "110"]
[EventDate "2010.02.13"]
[EventType "swiss"]
[EventRounds "9"]
[EventCountry "RUS"]
[SourceTitle "CBM 135 Extra"]
[Source "ChessBase"]
[SourceDate "2010.05.04"]
[SourceVersion "1"]
[SourceVersionDate "2010.05.04"]
[SourceQuality "1"]

1. e4 e5 2. Nf3 Nc6 3. Bb5 Nf6 4. 0-0 Nxe4 5. d4 Nd6 6. Bxc6 dxc6 7. dxe5 Nf5 8. Nbd2 Be7 9. c3 Qd3 10. Qa4 Be6 11. Nb3 Qc4 12. Qxc4 Bxc4 13. Re1 Bd5 14. Nbd4 Nxd4 15. Nxd4 0-0-0 16. Nf5 Bf8 17. Bg5 Re8 18. b3 h6 19. Bh4 Rg8 20. Rad1 g5 21. Bg3 Be6 22. Nd4 Bd7 23. c4 Bc5 24. f3 b6 25. Bf2 Bxd4 26. Rxd4 c5 27. Rd2 a5 28. Kf1 Rd8 29. g4 Bc6 30. Rxd8+ Rxd8 31. Ke2 Re8 32. Bg3 Kd7 33. Rd1+ Ke6 34. h4 gxh4 35. Bf4 Rg8 36. Ke3 a4 37. Bxh6 axb3 38. axb3 h3 39. Bf4 Ra8 40. Rh1 Ra3 41. Rxh3 Rxb3+ 42. Kf2 Rc3 43. Rh6+ Kd7 44. e6+ fxe6 45. Rh7+ Ke8 46. Bxc7 Rxf3+ 47. Ke1 Rb3 48. Kd2 Be4 49. Rg7 Rd3+ 50. Ke2 Kf8 51. Be5 Rb3 52. g5 Bd3+ 53. Kd2 Bxc4 54. g6 Bd3 55. Bf6 Bxg6 1/2-1/2

[Event "St Petersburg-ch sf"]
[Site "St Petersburg"]
[Date "2010.02.16"]
[Round "4"]
[White "Guzenko, Artem"]
[Black "Pankov, German"]
[Result "1-0"]
[WhiteElo "2136"]
[BlackElo "2394"]
[PlyCount "83"]
[EventDate "2010.02.13"]
[EventType "swiss"]
[EventRounds "9"]
[EventCountry "RUS"]
[SourceTitle "CBM 135 Extra"]
[Source "ChessBase"]
[SourceDate "2010.05.04"]
[SourceVersion "1"]
[SourceVersionDate "2010.05.04"]
[SourceQuality "1"]

1. e4 c5 2. Nf3 d6 3. d4 cxd4 4. Nxd4 Nf6 5. Nc3 Nc6 6. Be2 e5 7. Nb3 Be7 8. 0-0 0-0 9. Be3 a5 10. Nd2 d5 11. exd5 Nxd5 12. Nxd5 Qxd5 13. c3 Be6 14. Qa4 Qd7 15. Bb5 Qc7 16. Rfd1 Na7 17. Bxa7 Rxa7 18. Bc4 Bd7 19. Bb5 Bf5 20. Nf1 Bc5 21. Ng3 Bg6 22. Rd2 Qb6 23. Re1 f6 24. h4 Raa8 25. h5 Rad8 26. Red1 Bf7 27. Bd3 Rxd3 28. Rxd3 Bxf2+ 29. Kh2 f5 30. Nxf5 Bxh5 31. Qc4+ Kh8 32. g4 Bg6 33. Rd6 Qc5 34. Qxc5 Bxc5 35. Rd8 Kg8 36. Rxf8+ Bxf8 37. Rd7 b5 38. Ne7+ Kf7 39. Nxg6+ Kxg6 40. Rd5 b4 41. Rxa5 bxc3 42. bxc3 1-0

[Event "St Petersburg-ch sf"]
[Site "St Petersburg"]
[Date "2010.02.15"]
[Round "3"]
[White "Bazeev, German"]
[Black "Guzenko, Artem"]
[Result "1-0"]
[WhiteElo "2319"]
[BlackElo "2136"]
[PlyCount "37"]
[EventDate "2010.02.13"]
[EventType "swiss"]
[EventRounds "9"]
[EventCountry "RUS"]
[SourceTitle "CBM 135 Extra"]
[Source "ChessBase"]
[SourceDate "2010.05.04"]
[SourceVersion "1"]
[SourceVersionDate "2010.05.04"]
[SourceQuality "1"]

1. d4 Nf6 2. Bg5 d5 3. Nd2 Nbd7 4. e3 e5 5. Ngf3 exd4 6. exd4 Bd6 7. Bd3 0-0 8. 0-0 c5 9. Bf5 h6 10. Bh4 Nb6 11. Bxc8 Rxc8 12. Re1 Nbd7 13. dxc5 Bxc5 14. Nb3 Bd6 15. Nfd4 Re8 16. Qf3 Qb6 17. Qh3 a5 18. a4 Be5 19. Bxf6 1-0